000 00965nam a22003017a 4500
001 7889
003 FISKH
005 20250813093605.0
008 250813b cb ||||| |||| 00| 0 eng d
020 _a0395353793
040 _aFISKH
_beng
_cFISKH
_dFISKH
050 _aPZ7.F8975 H
082 _a813
100 _aR.Friedman, Ina
_d(1926-)
245 _aHow my parents learned to eat /
_cIna R.Friedman ; Illustrated by Allen Say
250 _aThis edition first published in 1984
260 _aNew York :
_bHoughton Mifflin,
_c1984
300 _a30 unnumbered pages :
_bcolor illustrations ;
_c21 cm
505 _aJ
520 _aAn American sailor courts a Japanese girl and each tries, in secret, to learn the other's way of eating.
521 8 _a450
_bLexile
521 8 _aJ
_bRaz-Plus
650 _2Multicultural
_aPicture book
650 _2Japan
_aChopsticks
700 _aSay, Allen
_dillustrator
942 _2ddc
_cBK
_n0
999 _c7889
_d7889